000 00470nam a2200157Ia 4500
008 100122s9999 xx 000 0 und d
082 _b57484
_aBM821
100 _aभावे अनंत
245 _aगरा गरा गरा गरा
250 _a0
260 _bराजहंस प्रकाशन
_c2000
300 _a24
630 _aगरा गरा गरा गरा
730 _aगरा गरा गरा गरा
942 _cBOOK
999 _c433673
_d433670